| 000 | 00611nam a2200193 a 4500 | ||
|---|---|---|---|
| 001 | 000034073 | ||
| 005 | 20200930070742.0 | ||
| 008 | 110923s1991 es 000 0 spa d | ||
| 020 | _a8475073700 | ||
| 040 |
_aDO-SdBNP _bspa _cBNPHU |
||
| 100 | 1 |
_aFole, Ánxel _959502 |
|
| 245 | 1 | 0 |
_aContos de lobos e outros relatos / _cÁnxel Fole ; edición de Claudio Rodríguez Fer. |
| 250 | _a2a ed. | ||
| 260 |
_aMadrid : _bXerais de Galicia, _c1991. |
||
| 490 | 1 |
_aBiblioteca das letras galegas ; _v5 |
|
| 700 | 1 |
_aRodríguez Fer, Claudio _959503 |
|
| 830 | 0 |
_aBiblioteca das letras galegas _v5 _959504 |
|
| 049 | _aBNPD | ||
| 999 |
_c33564 _d33564 |
||